LEADER 00835nam0-22003011i-450- 001 990002065620403321 005 20021010 035 $a000206562 035 $aFED01000206562 035 $a(Aleph)000206562FED01 035 $a000206562 100 $a20021010d--------km-y0itay50------ba 101 0 $aita 200 1 $a<>vie des chouettes$eLa Hulotte et son regime$fG.Guerin 210 $aParis$cPaul Lechevalier$d1928 215 $a242 p.$d22 cm 225 1 $a<>vie des Chouettes I- II in Encyclopedie ornithologique IV 610 0 $aOrnitologia 676 $a598 700 1$aGuerin,$bG.$0361113 801 0$aIT$bUNINA$gRICA$2UNIMARC 901 $aBK 912 $a990002065620403321 952 $a61 XIV A.6/29$b972$fDAGEN 959 $aDAGEN 996 $aVie des Chouettes$9393630 997 $aUNINA DB $aING01 LEADER 00720nam0-22002531i-450- 001 990001123280403321 035 $a000112328 035 $aFED01000112328 035 $a(Aleph)000112328FED01 035 $a000112328 100 $a20000920d1987----km-y0itay50------ba 101 0 $aeng 200 1 $aExercices d'analyse non lineaire$fde Aubin n 210 $aParis [etc.]$cMasson$d1987 225 1 $aCollection Mathématiques Appliquées pour la Maitrise 700 1$aAubin,$bJean-Pierre$054013 801 0$aIT$bUNINA$gRICA$2UNIMARC 901 $aBK 912 $a990001123280403321 952 $aC-62-(2$b5195$fMA1 959 $aMA1 996 $aExercices d'analyse non lineaire$9337083 997 $aUNINA DB $aING01